Film dont le titre commence par un P (3) - Version facile - Statistiques

Statistiques générales
  • Ce quiz a été pris 14 fois
  • Le résultat moyen est 5 sur 30
Statistiques - réponses
Année Réalisateur Genre 1 acteur ou
1 actrice
Titre Indice facile % Correct
1970 Jacques Demy Musical Catherine Deneuve Peau d'âne Peau
100%
1937 Julien Duvivier Drame Jean Gabin Pépé le Moko Pépé
58%
1989 John Glen Aventures Timothy Dalton Permis de tuer tuer
58%
1964 Alfred Hitchcock Drame psychologique Tippi Hedren Pas de printemps pour Marnie printemps
50%
1987 Bille August Drame psychologique Max von Sydow Pelle le conquérant conquérant
42%
1983 Eric Rohmer Comédie dramatique Amanda Langlet Pauline à la plage plage
33%
2001 Michael Bay Comédie dramatique Ben Affleck Pearl Harbor *
25%
1995 Gabriel Aghion Comédie Richard Berry Pédale douce *
25%
1994 Danny Boyle Comédie Ewan McGregor Petits meurtres entre amis amis
25%
2003 Alain Resnais Musical André Dussolier Pas sur la bouche bouche
17%
2018 Roschdy Zem Drame Raphaël Personnaz Persona non grata non
17%
2006 Regis Wargnier Policier Jean-Pierre Becker Pars vite et reviens tard tard
8%
1983 Jean-Luc Godard Comédie dramatique Isabelle Huppert Passion *
8%
1973 Sam Peckinpah Western James Coburn Pat Garrett et Billy the Kid the
8%
2004 Gabriel Aghion Comédie Dany Boon Pédale dure *
8%
2003 Michel Boujenah Comédie dramatique Philippe Noiret Père et fils fils
8%
2017 Hubert Charuel Drame Jean Charuel Petit paysan *
8%
1971 Robert Aldrich Policier Kim Darby Pas d'orchidées pour Miss Blandish Miss
0%
2014 Abel Ferrara Biographie Diego Pagotto Pasolini *
0%
1964 Robert Thomas Comédie dramatique Jean Marais Patate *
0%
2012 Jérôme Enrico Comédie Lionel Ubeda Paulette *
0%
2012 Marc Fitoussi Comédie Sandrine Kiberlain Pauline détective *
0%
2018 Claire Devers Comédie dramatique Grégory Gadebois Pauvre Georges *
0%
1959 Dino Risi Comédie Maurizio Arena Pauvres millionnaires *
0%
2015 Florent Siri Comédie Gérard Lanvin Pension complète *
0%
1937 Gregory La Cava Comédie dramatique Audrey Hepburn Pension d'artistes artistes
0%
1978 Eric Rohmer Aventures Fabrice Luchini Perceval le Gallois le
0%
1988 Nicolas Ribowski Comédie Jean Carmet Périgord noir *
0%
1993 Jean Marboeuf Historique Jacques Dufilho Pétain *
0%
1996 Gregory Hoblit Policier Edward Norton Peur primale *
0%
Aucun quiz correspondant
Distribution des résultats
% des personnes avec chaque résultat
Percentile par nombre de réponses
Votre historique - résultats
Vous n’avez pas pris ce quiz